Plan maestro y anteproyecto arquitectónico de edificios multifamiliares en el barrio Monimbo arriba, Masaya 2021

El presente documento tiene como finalidad el plantear una propuesta de Plan maestro y diseño de un prototipo de edificio multifamiliar en la ciudad de Masaya, ubicada dentro del departamento con su homónimo, específicamente en el sector sur del Bo. Monimbó Arriba, el cual es realizado entre el...

Full description

Bibliographic Details
Main Authors: Jiménez López, Roger Alexander, Galiano González, Iveth Alejandra
Other Authors: Tutor: Rodríguez Rodríguez, Antonio Orlando
Format: Tesis Section = Libro
Language:Undetermined
Spanish
Published: Managua UNI 2023
Subjects:
LEADER 01910nam a2200265Ia 4500
008 240830s9999 xx 000 0 und d
040 |a BIBLIOTECA-RUSB/ Mon 728.31 J61 
041 |a spa 
082 |a Mon 728.31 J61 
100 1 |a Jiménez López, Roger Alexander 
100 1 |b Galiano González, Iveth Alejandra 
245 1 0 |a Plan maestro y anteproyecto arquitectónico de edificios multifamiliares en el barrio Monimbo arriba, Masaya 2021 
260 |a Managua   |b UNI  |c 2023 
300 |a 134 p.: il. 
500 |a Contiene: anexos y CD 
502 |a Tesis (Arquitecto) - UNI, 2023. 
520 3 |a El presente documento tiene como finalidad el plantear una propuesta de Plan maestro y diseño de un prototipo de edificio multifamiliar en la ciudad de Masaya, ubicada dentro del departamento con su homónimo, específicamente en el sector sur del Bo. Monimbó Arriba, el cual es realizado entre el año 2021 y 2022 La propuesta que a continuación se presentará, es un complejo habitacional compuesto de edificios multifamiliares de un total de 5 plantas de altura, conformado por zonas de recreación para la población de todas las edades, a como son los parques, piscinas, recorrido para ciclovías, plazas para poder disfrutar de áreas verdes, Arboretum para una lectura fresca al aire libre; en resumen espacios abiertos para goce disfrute y ocio de los habitantes, también se implementa un parqueo publico techado con paneles solares al aire libre, pequeñas zonas de comercio o usos variados tomados de la necesidad de la población encuestada y analizando los usos cercanos al sitio. 
650 7 |a VIVIENDAS MULTIPLES - ANTEPROYECTO ARQUITECTONICO 
650 7 |b  PROPUESTA DE ANTEPROYECTO 
650 7 |c  PROGRAMAS ARQUITECTONICOS 
650 7 |d  MOBILIARIO URBANO 
700 1 |a Tutor:  |b Rodríguez Rodríguez, Antonio Orlando 
942 |c BK  |2 ddc 
991 |a TESIS 
999 |c 27778